LEADER 01158nam a2200265 i 4500 001 991003561189707536 005 20020503200125.0 008 010315s1972 it ||| | ita 035 $ab10524009-39ule_inst 035 $aEXGIL123022$9ExL 040 $aBiblioteca Interfacoltà$bita 082 0 $a271 100 1 $aDe Leo, Pietro$0156678 245 13$aIl Monastero benedettino dei Santi Niccolò e Cataldo in Lecce :$bdal sec. 11. all'avvento degli Olivetani /$cPietro De Leo 260 $aGalatina :$bCongedo,$c1972 300 $aP. 718-766 ;$c24 cm. 500 $aEstr. da.: Studi di storia pugliese in onore di G. Chiarelli 650 4$aLecce$xMonastero dei Santi Niccolo e Cataldo$ySec. 11.-17.$xDocumenti 700 1 $aDe Leo, Pietro$eauthor$4http://id.loc.gov/vocabulary/relators/aut$0156678 907 $a.b10524009$b02-04-14$c27-06-02 912 $a991003561189707536 945 $aLE002 Busta B 28 24$g1$i2002000499806$lle002$o-$pE0.00$q-$rl$s- $t0$u4$v0$w4$x0$y.i10602653$z27-06-02 996 $aMonastero benedettino dei Santi Niccolò e Cataldo in Lecce$9216832 997 $aUNISALENTO 998 $ale002$b01-01-01$cm$da $e-$fita$git $h3$i1